Defective houses and insurers` rights (Record no. 5684)

MARC details
000 -LEADER
fixed length control field 01073cab a2200265 4500
001 - CONTROL NUMBER
control field WB3140-31
008 - FIXED-LENGTH DATA ELEMENTS--GENERAL INFORMATION
fixed length control field 090401t1995 xxu||||| |||| 00| 0 eng d
035 ## - SYSTEM CONTROL NUMBER
System control number (Sirsi) u9162
041 ## - LANGUAGE CODE
Language code of text/sound track or separate title eng
245 ## - TITLE STATEMENT
Title Defective houses and insurers` rights
260 ## - PUBLICATION, DISTRIBUTION, ETC.
Date of publication, distribution, etc. 1995
350 ## - PRICE (NR) (BK AM CF MU VM SE) [OBSOLETE]
Price 0
490 ## - SERIES STATEMENT
Series statement Estates Gazette
Volume/sequential designation (9542) 21 October 1995, 133(1)
520 ## - SUMMARY, ETC.
Summary, etc. Examines the case of "Brown v Albany Construction Co Ltd" where The Royal Insurance Co purchased, from the original owners of a house which had suffered serious damage due to a building defect, at the undamaged value and then sold it for a loss to a third party. The original builders tried to claim that the original owners had suffered no loss and therefore could not claim; judge awarded in favour of plaintiffs.
650 ## - SUBJECT ADDED ENTRY--TOPICAL TERM
Topical term or geographic name entry element BROWN V ALBANY CONSTRUCTION CO LTD
650 ## - SUBJECT ADDED ENTRY--TOPICAL TERM
Topical term or geographic name entry element COMPENSATION
650 ## - SUBJECT ADDED ENTRY--TOPICAL TERM
Topical term or geographic name entry element DEFECTS
650 ## - SUBJECT ADDED ENTRY--TOPICAL TERM
Topical term or geographic name entry element Insurance
9 (RLIN) 6249
650 ## - SUBJECT ADDED ENTRY--TOPICAL TERM
Topical term or geographic name entry element MURPHY V BRENTWOOD DC
650 ## - SUBJECT ADDED ENTRY--TOPICAL TERM
Topical term or geographic name entry element ROYAL INSURANCE CO
690 ## - LOCAL SUBJECT ADDED ENTRY--TOPICAL TERM (OCLC, RLIN)
Topical term or geographic name as entry element INSURANCE
9 (RLIN) 6249
690 ## - LOCAL SUBJECT ADDED ENTRY--TOPICAL TERM (OCLC, RLIN)
Topical term or geographic name as entry element LAW
942 ## - ADDED ENTRY ELEMENTS (KOHA)
Suppress in OPAC 0
948 ## - LOCAL PROCESSING INFORMATION (OCLC); SERIES PART DESIGNATOR (RLIN)
c (OCLC) 04/03/1997
Holdings
Withdrawn status Lost status Source of classification or shelving scheme Damaged status Not for loan Home library Current library Shelving location Date acquired Total Checkouts Full call number Barcode Date last seen Copy number Price effective from Koha item type
    Dewey Decimal Classification     London London News article 14/09/1999   WB3140-31 9162-1001 06/08/2019 1 06/08/2019 News article